Prc̀tico Procesal Civil

Detalles Bibliográficos
Autor principal: de Paula Puig Blanes, Francisco
Otros Autores: Illa Pujals, Jaime
Formato: eBook
Lenguaje:español
Publicado: Barcelona: Vlex, 2014
Materias:
Acceso en línea:Acceso restringido

MARC

LEADER 00000nam a22000007a 4500
005 2014081902092.0
007 cr|||| ||||
008 140819s2014 es |||||s|||| 00||0 spa d
035 |a 6715 
040 |a vLex 
090 |c 5116  |d 5116 
100 1 |a de Paula Puig Blanes, Francisco 
245 1 0 |a Prc̀tico Procesal Civil  |h [Recurso electrn̤ico] /  |c Francisco de Paula Puig Blanes, Jaime Illa Pujals 
256 |a Servicio en ln̕ea 
260 |a Barcelona:  |b Vlex,   |c 2014 
300 |a 1 recurso electrn̤ico 
500 |a Los principales aspectos del procedimiento civil. Gua̕ prc̀tica complementada con la mejor seleccin̤ de recursos legales para contextualizar y ampliar el marco de los temas. Incluye esquemas procesales con presentacin̤ visual de las distintas fases del procedimiento y enlaces a los documentos claves de cada etapa. 
506 1 |a Disponible solo en los productos indicados  |d vLex Global  |d vLex Global (Academic Edition, excluding Law Schools)  |d vLex Global (U.S. Academic Edition, Law Schools)  |d vLex Global (U.S. Academic Edition, excluding Law Schools)  |d vLex Global (Academic Edition, Law Schools) 
650 0 4 |a Procedimiento Civil  |z Espaą 
700 1 |a Illa Pujals, Jaime 
740 0 |a vLex Libros (Servicio en ln̕ea) 
856 4 0 |u http://app.vlex.com/#ES.procesal_civil/browse  |z Acceso restringido 
942 |c BOOK 
999 0 |a Civil Procedure